Ramadan Multiple Choice Quiz Stats

 Plays Quiz not verified by Sporcle

Score 0/10 Timer 06:00
0 Plays Today
Question Answer Wrong Answers
Ramadan celebrates the month when the first verses of the Koran were revealed to which prophet? Mohammed
83.1%
Ibrahim
4.4%
Ismail
4.2%
Jesus
1.4%
What activity is permitted in daylight hours during Ramadan? Talking
76.4%
Smoking
3.1%
Eating
8%
Drinking
5.7%
What celebration marks the end of Ramadan? Eid al-Fitr
75.8%
Laylat al-Miraj
3.5%
Ashura
3.7%
Eid al-Adha
10.2%
Fasting is one of the five pillars of Islam. Which of these is not another one of the five? Jihad
71.9%
Prayer
6.4%
Pilgrimage to Mecca
6.6%
Charitable works
9.2%
What food is traditionally first eaten to break the fast at the end of the day? Dates
63.4%
Olives
4.7%
Bread
18.2%
Hummus
7%
What month of the Islamic calendar is Ramadan? 9th
59.5%
1st
9.5%
4th
17.1%
13th
8.1%
In 2020, which of these countries will have the most hours of daylight during Ramadan? Iceland
57%
Australia
16.4%
Argentina
9.3%
Solomon Islands
10.1%
Which marks the start of Ramadan each year? Crescent moon
52.1%
Longest day of the year
10.4%
Full moon
25.7%
Spring tide
6%
Laylat-al-Qadr, the day when the Prophet was given the Koran, is known as... Night of Power
43.4%
Morning of Light
16%
Day of Grace
22.6%
Evening of Glory
11.4%
What penance would be expected for unintentionally breaking the fast? None
32.7%
Making up extra days
24.8%
Reciting shuras of the Koran
15.2%
Donating to charity
20.1%

You're not logged in!

Compare scores with friends on all Sporcle quizzes.
OR
Log In

Show Comments

Extras

Top Quizzes Today


Score Distribution

Your Account Isn't Verified!

In order to create a playlist on Sporcle, you need to verify the email address you used during registration. Go to your Sporcle Settings to finish the process.

Report this User

Report this user for behavior that violates our Community Guidelines.

Details: